Statistics for NBA top 20 in 2024

Click here to take the quiz!

General Stats

  • This quiz has been taken 72 times
  • The average score is 16 of 20

Answer Stats

HintAnswer% Correct
1DENNikola Jokic
100%
3DALLuka Doncic
93%
4MILGiannis Antetokounmpo
91%
6BOSJayson Tatum
89%
5OKCShai Gilgeous-Alexander
89%
7GSWStephen Curry
89%
12PHXDevin Booker
87%
9LALLeBron James
87%
11LALAnthony Davis
84%
17LACKawhi Leonard
84%
8PHXKevin Durant
84%
16LACPaul George
82%
10MINAnthony Edwards
78%
14MILDamian Lillard
78%
13SACDomantas Sabonis
78%
15CLEDonovan Mitchell
78%
18BOSJaylen Brown
75%
20INDTyrese Haliburton
71%
19MIAJimmy butler
69%
2PHIJoel Embid
24%

Score Distribution

Percentile by Number Answered

Percent of People with Each Score

Your Score History

You have not taken this quiz